000 00675nam a2200217 4500
003 OSt
005 20240618035132.0
006 a
008 240618b |||||||| |||| 00| 0 eng d
020 _a9789719416449
040 _aDWCL-Main lib.
_cOC
082 _aCirc. 333.95 A849b 2010
110 _aAsian Centre for Biodiversity
245 _aASEAN biodiversity outlook /
260 _aLaguna, Phils. :
_bASEAN Centre for Biodiversity,
_cc2010.
300 _axvi,
_b208 p. : ill. ;
_c29 cm.
504 _aIncludes bibliographical references.
650 _a1. Biodiversity–Southeast Asia.
710 _aAsian Centre for Biodiversity
942 _2ddc
_n0
_cBK-CIRC
_kCirc.
999 _c812
_d812